Letters from Egypt : a journey on the Nile, 1849-1850 /
Main Author:
Other Authors:
Format: Book
Language: English
Published:
New York :
Weidenfeld & Nicolson,
c1987.
Edition: 1st American ed.
Subjects:
Tags: Add Tag
Call Number: DT54 .N54 1987
| LEADER | 01159namaa2200313 4500 | ||
|---|---|---|---|
| 001 | 18934 | ||
| 003 | OSt | ||
| 005 | 20260326125335.0 | ||
| 008 | 130303s1987 nyuab b 001 0aeng d | ||
| 010 | |a 87021637 | ||
| 020 | |a 1555842046 | ||
| 040 | |c ARCE Library | ||
| 043 | |a f-ua--- |a e-uk-en | ||
| 050 | 4 | |a DT54 .N54 1987 | |
| 100 | 1 | |a Nightingale, Florence, |d 1820-1910, |e author |9 36928 | |
| 245 | 1 | 0 | |a Letters from Egypt : |b a journey on the Nile, 1849-1850 / |c Florence Nightingale ; selected and introduced by Anthony Sattin. |
| 250 | |a 1st American ed. | ||
| 264 | 1 | |a New York : |b Weidenfeld & Nicolson, |c c1987. | |
| 300 | |a 223 pages : |b illustrations (some color), maps ; |c 20 x 24 cm. | ||
| 504 | |a Includes bibliographical references (page 217) and index. | ||
| 600 | 1 | 0 | |a Nightingale, Florence, |d 1820-1910 |v Correspondence. |9 36928 |
| 600 | 1 | 0 | |a Nightingale, Florence, |d 1820-1910 |x Travel |z Egypt. |9 36928 |
| 650 | 0 | |a Nurses |z England |v Correspondence. | |
| 650 | 0 | |a Women health reformers |z England |v Correspondence. | |
| 651 | 0 | |a Egypt |x Description and travel. | |
| 700 | 1 | |a Sattin, Anthony. | |
| 901 | |a reviewed | ||
| 942 | |c BK |2 lcc | ||
| 999 | |c 15986 |d 15986 | ||
